Dân ca gầu plềnh và lễ hội gầu tào của người H'Mông ở Lào Cai trong truyền thống và biến đổi /

সংরক্ষণ করুন:
গ্রন্থ-পঞ্জীর বিবরন
প্রধান লেখক: Bùi Xuân Tiệp.
বিন্যাস: Sách giấy
ভাষা:Vietnamese
প্রকাশিত: H. : Mỹ thuật, 2017.
বিষয়গুলি:
ট্যাগগুলো: ট্যাগ যুক্ত করুন
কোনো ট্যাগ নেই, প্রথমজন হিসাবে ট্যাগ করুন!
Thư viện lưu trữ: Thư viện Trường Đại học Đà Lạt
LEADER 01276nam a2200337 4500
001 DLU180184311
005 ##20180406
020 # # |a 9786047867462 
040 # # |a DLU  |b vie 
041 # # |a vie 
044 # # |a vn 
082 # # |a 398.209 597  |b BU-T 
100 # # |a Bùi Xuân Tiệp. 
245 # # |a Dân ca gầu plềnh và lễ hội gầu tào của người H'Mông ở Lào Cai trong truyền thống và biến đổi /  |c Bùi Xuân Tiệp. 
260 # # |a H. :  |b Mỹ thuật,  |c 2017. 
300 # # |a 598 tr. :  |b minh họa màu ;  |c 21 cm. 
504 # # |a Tài liệu tham khảo: tr.419-442. 
505 # # |a Chương I. Những vấn đề chung -- Chương II. Diễn xướng gầu plềnh trong lễ hội gầu tào -- Chương III. Một số bình diện thi pháp gầu plềnh -- Chương IV. Sự biến đổi gầu plềnh và lễ hội gầu tào. 
650 # # |a H'Mông (Dân tộc Châu Á)  |z Việt Nam  |z Lào Cai  |x Bài hát dân gian. 
650 # # |a H'Mông (Dân tộc Châu Á)  |z Việt Nam  |z Lào Cai  |x Lễ hội dân gian. 
923 # # |a 01/2018 
991 # # |a SH 
992 # # |a 24000 
994 # # |a DLU 
900 # # |a True 
911 # # |a Nguyễn Thanh Hương 
925 # # |a G 
926 # # |a A 
927 # # |a SH 
980 # # |a Thư viện Trường Đại học Đà Lạt